000 00327cam a22000977a 4500
008 180718b1969 xxu||||| |||| 00| 0 eng d
082 _aJ7x 6695 Ad 35
245 _aOutline development proposals for iwo, 1969 -1989
_cBy Govt. of Westrn stste of Nigeria
260 _aIbadan
_bGovt. of Westrn stste of Nigeria
_c1969
300 _a67p.
999 _c416023
_d416023